000 02605cam a22004214i 4500
003 PE-LiUPU
005 20250731173601.0
008 150127s2015 miu b 001 0 eng
020 _a9781921643910
040 _aDLC
_beng
_erda
_cPE-LiUPU
_dPE-LiUPU
082 0 4 _a222.1107
_223
_bS244g
100 1 _aSarfati, Jonathan D.
_eautor.
_93749
245 1 4 _aThe Genesis account /
_cedited by Gerald A. Klingbeil.
_bA theologica, historical, and scientific commentary on Genesis 1-11
250 _aPrimera edición.
264 1 _aPowder Springs, Georgia :
_bCreation Book Pubishers,
_c2015.
300 _axii, 781 páginas ;
_c23.5 centímetros.
336 _atext
_2rdacontent
337 _aunmediated
_2rdamedia
338 _avolume
_2rdacarrier
490 1 _a(Creation Book Moock)
504 _aIndexes : páginas 739-785.
505 0 _aAuthor, date, and structure -- Genesis is history, not poetry or allegory -- Genesis 1-11 and Systematic Theology -- CREATION OF THE UNIVERSE GENESIS -- Day 1: Beginning and light (1:1-5) – Date of creation -- Day 2: Creation of the expanse (1:6-8) -- Day 3: Land and plants (1:9-13) -- Day 4: Sun, moon, and stars (1:14-19) -- Day 5: Sea and air creatures (1:20-23) -- Day 6: Land animals and man (1:24-31) -- Day 7: God "rested" (2:1-3) TOLEDOT 1: WHAT FROM HEAVENS AND EARTH (GENESIS 2:4-4:26) -- Adam and Eve (2:4-25) -- The Fall (3:1-24) -- The children of Adam and Eve (4:1-26) -- TOLEDOT 2: WHAT FOLLOWED FROM ADAM (GENESIS 5:1-6:8) -- From Adam to Noah (5:1-32) -- Wickedness before the Flood (6:1-8) -- TOLEDOT 3: WHAT FOLLOWED FROM NOAH (GENBSIS 6:9-9:29) -- Preparation for the Flood (6:9-7:5) . Evidence for the global Flood – The Flood begins and rises (7:6-24) -- The Flood subsides (8:1-19) -- God's covenant with Noah (8:20-9:17) -- Noah's sons and later years (9:18-29) – TOLEDOT 4: WHAT FOLLOWED FROM NOHA’S SONS (GENESIS 10:1-11:9) -- Nations and languages (10:1-11:9) -- TOLEDOT 5: WHAT FOLLOWED FROM SHEM (GENESIS 11:10-26) -- The line of Shem (11:10-26) TOLEDOT 6: WHAT FOLLOWED FROM TERAH (GENESIS 11:10-25:11) Terah and Abraham (11:27-12:4)
526 _aSEG42
526 _aSEG41
526 _aSEG40
526 _aSEG39
526 _aP94
526 _aP87
526 _aP86
526 _aP85
526 _aP77
526 _aP76
526 _aP35
630 1 4 _aBiblia.
_pGénesis
_xCrítica, interpretación, etc.
_9947
942 _2ddc
_cBK
980 _618226
_aJaime Vilcazán Jefe de Análisis Documental
_81
_gALBERTO SANCHEZ Responsable de Automatización
999 _c62318
_d62317